| 000 | 04434nam0a2200481 4500 | ||
|---|---|---|---|
| 001 | RU\NLR\BIBL_A\016219039 | ||
| 005 | 20230209180229.0 | ||
| 010 |
_a978-5-6047944-2-5 _9500 |
||
| 021 |
_aRU _bАЛ-П-22-01014и _9АЛ-П-22-0200 |
||
| 035 | _a(NLR Aleph) 016219039 | ||
| 035 | _a(RuMoRGB)011340576 | ||
| 090 |
_a12732334 _c12732334 |
||
| 100 | _a20221128d2022 u y0rusy50 ca | ||
| 101 | 0 | _arus | |
| 102 | _aRU | ||
| 105 | _aah b 010zy | ||
| 181 | 0 |
_ab3 _bxb2e |
|
| 181 | 0 |
_ai2 _baxxe |
|
| 182 | 0 | _an | |
| 200 | 1 |
_aПутешествие по Святой Земле _e[живописный альбом к путешествию с детьми по Святой Земле. СПб: Издание А. Ф. Фарикова, 1849] _eк 140-летию Императорского Православного Палестинского Общества _fМинистерство культуры Российской Федерации, Научно-исследовательский музей при Российской академии художеств _gредакторы: Е. А. Васильева, Е. А. Рипак _gавтор вступительной статьи: А. А. Чернышева _gаннотации: М. А. Костыря [и др.] |
|
| 203 |
_aИзображение _aТекст _bвизуальные _cнепосредственные |
||
| 210 |
_aСанкт-Петербург _c[б. и.] _d2022 |
||
| 215 |
_a103 с. _cил., факс. _d20х24 |
||
| 320 | _aБиблиогр. в подстроч. примеч. | ||
| 330 | _aВ странах Западной Европы и Росси на рубеже XVIII-XIX веков получили широкое распространение иллюстрированные печатные издания "живописных путешествий". В одной публикации объединялись серии графических листов с изображениями пейзажей, архитектурных памятников и других достопримечательностей разных стран и городов. Часто иллюстрации дополнялись подробными комментариями, путевыми заметками, описаниями быта и обычаев местных народов. Такие издания достаточно быстро приобрели статус особого явления художественной культуры и стали предметом коллекционирования | ||
| 500 | 1 | 0 | _aЖивописный альбом к путешествию с детьми по Святой Земле, содержащий в себе сорок восемь видов святых мест, с их окрестностями, рисованными и гравированными на стали английскими и французскими художниками и отпечатанных в Париже [ |
| 606 | 1 |
_aПаломничество в Святую Землю _jАльбомы _2nlr_sh1 _2nlr_sh2 _3RU\NLR\AUTH\661277950 |
|
| 606 | 1 |
_aГравюра на стали французская _z19 в. _jАльбомы _2nlr_sh2 _3RU\NLR\AUTH\6601718574 |
|
| 606 | 1 |
_aГравюра на стали английская _z19 в. _jАльбомы _2nlr_sh2 _3RU\NLR\AUTH\6601718575 |
|
| 675 |
_a76(084) _v4 |
||
| 686 | 1 | _aЩ153(4Фр)5-451я61 | |
| 686 | 1 | _aЩ153(4Вл)5-451я61 | |
| 686 | 2 | _aЭ372.24-576.71я61 | |
| 701 | 1 |
_aВасильева _bЕ. А. _cисторик, писатель _f1976- _gЕкатерина Алексеевна _3RU\NLR\AUTH\770217796 _4340 |
|
| 711 | 0 | 2 |
_aИмператорское православное Палестинское общество _cПетербург _3RU\NLR\AUTH\889974456 |
| 712 | 0 | 2 |
_aРоссийская академия художеств _bНаучно-исследовательский музей _cСанкт-Петербург _3RU\NLR\AUTH\889968389 _4570 |
| 942 | _cBOOK | ||
| 980 | _aNB | ||